Avaluació de l'impacte Pla Agrupat 2004 : resum executiu, abril de 2006 / elaborat per: Joaquín Gairín Sallán (director), ... [et al.] ; amb la col·laboració de: Annabel Segura resum executiu, abril de 2006 / elaborat per:
Publicado:
Barcelona :
Diputació de Barcelona. Àrea de Govern Local. Servei de Formació Local ,
2006
Descripción Física:
95 p. ; 30 cm
MARC
| LEADER | 00000nam a2200000Ia 4500 | ||
|---|---|---|---|
| 001 | 21032 | ||
| 008 | 160829s2006 xx 000 0 cat d | ||
| 080 | |a E-1-321 | ||
| 245 | |a Avaluació de l'impacte Pla Agrupat 2004 : |b resum executiu, abril de 2006 / elaborat per: |b Joaquín Gairín Sallán (director), ... [et al.] ; amb la col·laboració de: |b Annabel Segura | ||
| 260 | |a Barcelona : |b Diputació de Barcelona. Àrea de Govern Local. Servei de Formació Local, |c 2006 | ||
| 300 | |a 95 p. ; |c 30 cm | ||
| 650 | |a Pla Agrupat 2004 |x Avaluació |9 43713 | ||
| 650 | 0 | |a Educació permanent |9 31514 | |
| 700 | |a Gairín Sallán, Joaquín |e director |9 43714 | ||
| 700 | |a Segura, Annabel, col. |9 43715 | ||
| 710 | |a Barcelona (Catalunya : Província). |b Servei de Formació Local |9 53659 | ||
| 901 | |a Arxiu | ||
| 942 | |n 1 |2 udc | ||
| 952 | |0 0 |1 0 |4 0 |6 E1321 |7 1 |9 51589 |a Arxiu |b Arxiu |d 2016-12-01 |l 0 |o E-1-321 |p 21032 |r 2016-12-01 00:00:00 |w 2016-12-01 |y ARXIU | ||
| 999 | |c 55434 |d 55434 | ||